[Event "Belgrade-chT Quality"]
[White "Popadic, Dragan B"]
[Black "Mikluc, Davorin"]
[Site "Belgrade"]
[Round "1.2"]
[Result "0-1"]
[Date "2020.10.09"]
[WhiteElo "2096"]
[BlackElo "2158"]
[PlyCount "50"]
[EventDate "2020.10.09"]
[EventType "team-tourn"]
[EventRounds "9"]
[EventCountry "SRB"]
[SourceTitle "EXT 2022"]
[Source "ChessBase"]
[SourceDate "2021.10.06"]
[SourceVersion "1"]
[SourceVersionDate "2021.10.06"]
[SourceQuality "1"]
[WhiteTeam "Belgrade NBSK"]
[BlackTeam "Belgrade Banjica"]
[WhiteTeamCountry "SRB"]
[BlackTeamCountry "SRB"]

1. e4 c6 2. d4 d5 3. f3 dxe4 4. fxe4 e5 5. Nf3 Be6 6. Nc3 Nd7 7. Be3 Ngf6 8. Bd3 Qb6 9. Qc1 Ng4 10. Bg1 exd4 11. Nxd4 Bc5 12. Nce2 Nde5 13. h3 Nxd3+ 14. cxd3 Ne5 15. Qc2 0-0-0 16. Nxe6 Nxd3+ 17. Qxd3 Rxd3 18. Nxc5 Qb4+ 19. Kf1 Rd2 20. Nb3 Rxe2 21. Kxe2 Qxe4+ 22. Kf1 Qd3+ 23. Kf2 Re8 24. Bh2 Re2+ 25. Kg1 Qe3+ 0-1

[Event "Belgrade-chT Quality"]
[White "Trbojevic, Nikola"]
[Black "Mikluc, Davorin"]
[Site "Belgrade"]
[Round "2"]
[Result "0-1"]
[Date "2015.10.04"]
[WhiteElo "1916"]
[BlackElo "2131"]
[PlyCount "78"]
[EventDate "2015.10.03"]
[EventType "team-tourn"]
[EventRounds "11"]
[EventCountry "SRB"]
[SourceTitle "EXT 2018"]
[Source "ChessBase"]
[SourceDate "2017.10.13"]
[SourceVersion "1"]
[SourceVersionDate "2017.10.13"]
[SourceQuality "1"]

1. d4 d6 2. c4 g6 3. Nc3 Bg7 4. Nf3 Nd7 5. e3 Ngf6 6. Be2 0-0 7. 0-0 c5 8. Qc2 a6 9. Rd1 Qc7 10. d5 Rb8 11. a4 h6 12. e4 Re8 13. h3 Nf8 14. Bf4 N6d7 15. Bd3 g5 16. Bg3 Ng6 17. Re1 Nde5 18. Nxe5 Nxe5 19. Qe2 Bd7 20. f4 gxf4 21. Bxf4 Qd8 22. Kh1 e6 23. Qe3 Qh4 24. Bg3 Qg5 25. Bf4 Qg6 26. Rad1 Rf8 27. Rf1 Nxd3 28. Rxd3 e5 29. Bh2 f5 30. Qg3 Kh7 31. exf5 Rxf5 32. Rxf5 Bxf5 33. Rf3 Rf8 34. Qf2 Rf6 35. Nd1 Be4 36. Rxf6 Bxf6 37. Ne3 Bg5 38. Kg1 Bxe3 39. Qxe3 Qxg2# 0-1

[Event "Belgrade Jezero op"]
[White "Mikluc, Davorin"]
[Black "Svicevic, Rastko"]
[Site "Belgrade"]
[Round "2"]
[Result "1-0"]
[Date "2015.08.09"]
[WhiteElo "2050"]
[BlackElo "2296"]
[PlyCount "123"]
[EventDate "2015.08.08"]
[EventType "swiss"]
[EventRounds "9"]
[EventCountry "SRB"]
[SourceTitle "EXT 2016"]
[Source "ChessBase"]
[SourceDate "2015.10.08"]
[SourceVersion "1"]
[SourceVersionDate "2015.10.08"]
[SourceQuality "1"]

1. e4 b6 2. d4 Bb7 3. Bd3 e6 4. Nf3 c5 5. c3 Nf6 6. Nbd2 d5 7. e5 Nfd7 8. a3 a5 9. Nf1 Be7 10. Ng3 Ba6 11. h4 Bxd3 12. Qxd3 Nc6 13. Ng5 Qc8 14. Nh5 Bf8 15. Qf3 Nd8 16. 0-0 h6 17. Nh3 Nc6 18. Be3 Qd8 19. g3 c4 20. Qg4 g6 21. N5f4 Qe7 22. a4 0-0-0 23. b3 cxb3 24. Rfb1 Kb7 25. Rxb3 Ka7 26. Rab1 Rb8 27. Bc1 Rg8 28. Rb5 Rb7 29. Nd3 Qe8 30. Nhf4 Ne7 31. Nc5 Rb8 32. Qe2 Qc8 33. Qb2 Nc6 34. Nxd7 Qxd7 35. Rxb6 Be7 36. Qb5 Rxb6 37. Qxb6+ Ka8 38. Nd3 Na7 39. Qxa5 Rc8 40. Bxh6 Bd8 41. Nc5 Bxa5 42. Nxd7 Nc6 43. Nb6+ Bxb6 44. Rxb6 Ka7 45. Rb5 Ka6 46. Rc5 Kb7 47. Bg7 Ra8 48. a5 Nxa5 49. Bf6 Nc4 50. Be7 Kb6 51. Bd6 Ra7 52. Kg2 Rd7 53. Bb8 Kb7 54. Rb5+ Kc6 55. Rb4 Rd8 56. Ba7 Ra8 57. Bc5 Rc8 58. Be7 Nd2 59. Rb2 Nc4 60. Ra2 Kd7 61. Ra7+ Ke8 62. Bb4 1-0

[Event "Belgrade-chT"]
[White "Mikluc, Davorin"]
[Black "Savic, Andreja"]
[Site "Belgrade"]
[Round "6.1"]
[Result "1-0"]
[Date "2014.09.25"]
[WhiteElo "2030"]
[BlackElo "2105"]
[PlyCount "72"]
[EventDate "2014.09.20"]
[EventType "team-tourn"]
[EventRounds "11"]
[EventCountry "SRB"]
[SourceTitle "CBM 162 Extra"]
[Source "ChessBase"]
[SourceDate "2014.10.17"]
[SourceVersion "1"]
[SourceVersionDate "2014.10.17"]
[SourceQuality "1"]
[WhiteTeam "Grocka"]
[BlackTeam "Belgrade"]
[WhiteTeamCountry "SRB"]
[BlackTeamCountry "SRB"]

1. e4 e6 2. d4 d5 3. e5 c5 4. c3 Nc6 5. Nf3 Qb6 6. a3 a5 7. a4 Bd7 8. Bb5 cxd4 9. cxd4 Bb4+ 10. Nc3 Nge7 11. 0-0 Nf5 12. Ne2 Be7 13. Qb3 Bd8 14. Rd1 0-0 15. Bd2 f6 16. Bc3 fxe5 17. dxe5 Kh8 18. Qc2 Rc8 19. Qd3 Nh4 20. Ned4 Ng6 21. Re1 Nf4 22. g3 Ng6 23. Kg2 Qc7 24. Qd2 Kg8 25. Bd3 Nxd4 26. Bxd4 Ne7 27. Rac1 Nc6 28. Bc5 Rxf3 29. Kxf3 Nxe5+ 30. Kg2 Nxd3 31. Qxd3 Bc6 32. Rxe6 Qf7 33. Rce1 d4+ 34. f3 Bg5 35. Bxd4 Rf8 36. Rf1 Qf5 1-0